Introduction to Bioinformatics / (Record no. 17381)

MARC details
000 -LEADER
fixed length control field 00971cam a2200301 i 4500
001 - CONTROL NUMBER
control field 15331166
003 - CONTROL NUMBER IDENTIFIER
control field EG-ScBUE
005 - DATE AND TIME OF LATEST TRANSACTION
control field 20260125093202.0
008 - FIXED-LENGTH DATA ELEMENTS--GENERAL INFORMATION
fixed length control field 080616s2008 enka b 001 0 eng
020 ## - INTERNATIONAL STANDARD BOOK NUMBER
International Standard Book Number 0199208042
020 ## - INTERNATIONAL STANDARD BOOK NUMBER
International Standard Book Number 9780199208043 (pbk. : alk. paper)
040 ## - CATALOGING SOURCE
Original cataloging agency EG-ScBUE
Language of cataloging eng
Description conventions rda
Transcribing agency EG-ScBUE
Modifying agency EG-ScBUE
082 04 - DEWEY DECIMAL CLASSIFICATION NUMBER
Classification number 572.80285
Edition number 22
Item number LES
100 1# - MAIN ENTRY--PERSONAL NAME
Personal name Lesk, Arthur M.,
Relator term author.
9 (RLIN) 32910
245 10 - TITLE STATEMENT
Title Introduction to Bioinformatics /
Statement of responsibility, etc Arthur M. Lesk.
246 30 - VARYING FORM OF TITLE
Title proper/short title Bioinformatics
250 ## - EDITION STATEMENT
Edition statement Third edition
264 #1 - PUBLICATION, DISTRIBUTION, ETC. (IMPRINT)
Place of publication, distribution, etc Oxford ;
-- New York :
Name of publisher, distributor, etc Oxford University Press,
Date of publication, distribution, etc 2008.
300 ## - PHYSICAL DESCRIPTION
Extent xxii, 474 pages :
Other physical details illustrations (some color) ;
Dimensions 25 cm
336 ## - CONTENT TYPE
Source rdacontent
Content type term text
Content type code txt
337 ## - MEDIA TYPE
Media type term unmediated
Source rdamedia
Media type code n
338 ## - CARRIER TYPE
Carrier type term volume
Carrier type code nc
Source rdacarrier
504 ## - BIBLIOGRAPHY, ETC. NOTE
Bibliography, etc Includes bibliographical references and index.
650 #7 - SUBJECT ADDED ENTRY--TOPICAL TERM
Topical term or geographic name as entry element Bioinformatics.
Source of heading or term BUEsh
9 (RLIN) 32911
653 ## - INDEX TERM--UNCONTROLLED
Arrived date list March2013
655 ## - INDEX TERM--GENRE/FORM
Form subdivision Reading book
942 ## - ADDED ENTRY ELEMENTS (KOHA)
Source of classification or shelving scheme Dewey Decimal Classification
Koha item type Book - Borrowing
Holdings
Withdrawn status Lost status Source of classification or shelving scheme Damaged status Not for loan Collection code Home library Current library Shelving location Date acquired Source of acquisition Total Checkouts Full call number Barcode Date last seen Price effective from Koha item type Total Renewals Date checked out Materials specified (bound volume or other part)
    Dewey Decimal Classification     Baccah Central Library Central Library First floor 20/03/2013     572.80285 LES 000028556 15/07/2025 20/03/2013 NB - Book (Non borrowing)      
    Dewey Decimal Classification     Baccah Central Library Central Library First floor 20/03/2013   2 572.80285 LES 000028557 15/07/2025 20/03/2013 Book - Borrowing 20 20/03/2014  
    Dewey Decimal Classification     Baccah Central Library Central Library First floor 20/03/2013     572.80285 LES 000028558 15/07/2025 20/03/2013 Book - Borrowing      
    Dewey Decimal Classification     Baccah Central Library Central Library First floor 13/11/2013     572.80285 LES 000035072 15/07/2025 13/11/2013 Book - Borrowing      
  Lost Dewey Decimal Classification     Baccah Central Library Central Library First floor 20/11/2013     572.80285 LES 000035114 20/11/2013 20/11/2013 Book - Borrowing     Lost In Inventory_2015-8-23